000 00521nam a22001817a 4500
005 20260423163330.0
008 260423b |||||||| |||| 00| 0 eng d
020 _a9789389565980
_c1295.00
040 _aMAIN
041 _aEnglish
082 _a363.34
_bVAI
100 _aVaidyanathan, S.
_918850
245 _aIntroduction Disaster Management
_b : Natural Disasters and man Made Hazards
260 _aNew Delhi
_bCBS Publisher
_c2016
300 _a576
650 _aEnvironment Science (PM USHA)
_926725
942 _cBK
999 _c60720
_d60720